Fußball Bundesligisten 23/24 - Statistiken

Allgemein
  • Dieses Quiz wurde 245 mal gespielt
  • Das Durchschnittsergebnis liegt bei 15 aus 18
Antwortstatistiken
Bundesligisten % Korrekt
FC Bayern München
99%
Borussia Dortmund
98%
RB Leipzig
92%
VfB Stuttgart
92%
Eintracht Frankfurt
89%
1. FC Union Berlin
87%
Bayer 04 Leverkusen
86%
1. FC Köln
85%
Werder Bremen
85%
FC Augsburg
83%
SC Freiburg
83%
VfL Wolfsburg
83%
1. FC Heidenheim
82%
VfL Bochum
82%
Borussia Mönchengladbach
81%
SV Darmstadt 98
78%
TSG 1899 Hoffenheim
77%
1. FSV Mainz 05
73%
Keine übereinstimmenden Quizze gefunden
Verteilung der Resultate
Anzahl Personen mit jedem Resultat
Perzentil nach korrekt beantworteten Fragen
Ihre Resultats-Entwicklung
Sie haben dieses Quiz noch nicht gespielt